[Event "Noisy le Grand op"]
[Site "Noisy le Grand"]
[Date "2003.??.??"]
[Round "4"]
[White "Piot, Olivier"]
[Black "Le Men, Jean"]
[Result "1-0"]
[WhiteElo "2212"]
[BlackElo "1530"]
[PlyCount "61"]
[EventDate "2003.05.??"]
[EventType "swiss"]
[EventRounds "7"]
[EventCountry "FRA"]
[SourceTitle "EXT 2005"]
[Source "ChessBase"]
[SourceDate "2004.11.15"]
[SourceVersion "1"]
[SourceVersionDate "2004.11.15"]
[SourceQuality "1"]

1. d4 g6 2. c4 Bg7 3. Nc3 d6 4. e4 Nf6 5. Nf3 0-0 6. Be2 c5 7. d5 e6 8. Bf4 e5 9. Bg5 a6 10. Nd2 Qc7 11. a3 Bd7 12. Be3 b5 13. cxb5 axb5 14. Bxb5 Bxb5 15. Nxb5 Qb6 16. a4 Na6 17. Nc4 Qd8 18. Nbxd6 Qe7 19. f3 Rfd8 20. Nb5 Nd7 21. 0-0 Bf6 22. Qd2 Nb4 23. b3 Rdc8 24. Rac1 Rab8 25. Rfd1 Nb6 26. Nxb6 Rxb6 27. d6 Qd7 28. Bxc5 Rbc6 29. Bxb4 Rxc1 30. Rxc1 Qd8 31. Rxc8 1-0